00550nam a2200169 a 4500008004100000020001800041050001500059100002500074245009200099260003100191300003400222650002500256650001200281650001400293650003300307650004000340190822s2010 ||||||||||||||||| || u a9783642077982 aQA 911 Cha aChattot, Jean-Jaques10aComputational aerodynamics and fluid dynamics: an introductioncBy Jean-Jacques Chattot aCaliforniabSpringerc2010 axi, 192 pages : illustrations aMETHEMATICAL PHYSICS 0aPHYSICS aMECHANICS 0aCOMPUTATIONAL FLUID DYNAMICS aFLUID DYNAMICS--MATHEMATICAL MODELS